Русская реч (Запис номер 346165)
[ съкратено ]
| 000 -Лидер | |
|---|---|
| Контролно поле с фиксирана дължина | 01174nas a2200289 a 4500 |
| 003 - Код на организацията, давaща контролен номер | |
| Контролно поле | BLK |
| 005 - Дата и час на последна редакция | |
| Контролно поле | 20200422145632.0 |
| 008 - Елементи от данни с фиксирана дължина | |
| fixed length control field | 190915d |||p| |||| 00| c|bul d |
| 010 ## - Наследен системен номер | |
| LC control number | 000107 |
| 040 ## - Източник на каталожния запис | |
| Идентификатор на билиотеката - собственик на записа | BLK |
| 041 ## - Код за език | |
| Код за езика на текст/звукозапис или на отделно заглавие | Руски |
| Код за езика КДБФ | Руски |
| 080 ## - УДК | |
| Текстов определител УДК | Руски език |
| УДК код - определител по УДК | 811.161.1 |
| 245 10 - Сведения за заглавието | |
| Заглавие | Русская реч |
| Том | Научно популярны журнал |
| 260 ## - Област на издателските данни | |
| Място на издаване, разпространение и проч. | Москва |
| Година на издаване | 1967 |
| 9 (RLIN) | 400719 |
| Име на издателя, разпространителя и проч. | Наука |
| 300 ## - Физическа характеристика | |
| Страници | 128 с. |
| Размери/Мащаб | 20 см |
| 380 ## - Жанр | |
| Жанр | Езикознание. Филология |
| 490 ## - СЕРИИ (Колекции) | |
| Име на серия | Частна колекция - Академик Михаил Арнаудов |
| Бележки за серията | Дарение - Основен фонд |
| 500 ## - Общи забележки | |
| Забележка | Автограф с текст: Дорогому и глубокоуважаемому Михаилу Петровичу Арнаудову зная его любовь к Свету (см. стр. 37) пдпис 14/XII 1970 |
| 505 ## - Форматирана забележка | |
| Заглавие | Бележки по кориците на всички броеве : за автори и заглавия на статии. |
| 650 ## - Допълнително описание по предмет – тема | |
| Основно описание – тема или топоним | Литературознание |
| 9 (RLIN) | 160629 |
| 650 #0 - Допълнително описание по предмет – тема | |
| Основно описание – тема или топоним | Руски език |
| 9 (RLIN) | 262992 |
| 700 1# - Други автори (авторска отговорност) | |
| Лично име | Ст. Младенов |
| 9 (RLIN) | 400783 |
| 700 1# - Други автори (авторска отговорност) | |
| Лично име | Ст. Василев |
| 9 (RLIN) | 400784 |
| 852 ## - Местоположение | |
| Форматна сигнатура | МА 5051 |
| Фондова буква | Фонд "Михаил Арнаудов" |
| 999 ## - СИСТЕМНИ КОНТРОЛНИ НОМЕРА | |
| Koha biblionumber | 346165 |
| Koha biblioitemnumber | 346165 |
| 942 ## - АРТИКУЛИ | |
| Вид на библиотечния материал | Списания |
| Скрит в OPAC | Не |
| Периодичен библиозапис | Да |
| 999 ## - СИСТЕМНИ КОНТРОЛНИ НОМЕРА | |
| Koha biblioitemnumber | 346165 |
| 999 ## - СИСТЕМНИ КОНТРОЛНИ НОМЕРА | |
| Koha biblioitemnumber | 346165 |
| 999 ## - СИСТЕМНИ КОНТРОЛНИ НОМЕРА | |
| Koha biblioitemnumber | 346165 |
| 999 ## - СИСТЕМНИ КОНТРОЛНИ НОМЕРА | |
| Koha biblioitemnumber | 346165 |
| 999 ## - СИСТЕМНИ КОНТРОЛНИ НОМЕРА | |
| Koha biblioitemnumber | 345068 |
| Код за отписване | Код за изгубен артикул | Източник на класификационната схема | Код за повреда | Коз за рестрикции | Код за отдаване | Артикулен № | Име на библиотеката - собственик | Име на библиотеката, в която се намира в момента | Статус (Текущо местоположение) | Дата на вписване в системата | Местоположение - отдел | Цена в лева | Номерация (Хронология) | Систематично азбучна сигнатура | Баркод | Цена в евро | Служебен тип на артикула |
|---|---|---|---|---|---|---|---|---|---|---|---|---|---|---|---|---|---|
| Не е изгубен | Universal Decimal Classification | Не е повреден | само за читалня | Специални фондове ( старопечатни, редки и ценни, фонд М. Арнаудов) | 749039 | Регионална библиотека "Любен Каравелов" Русе | Регионална библиотека "Любен Каравелов" Русе | Фонд "Михаил Арнаудов" | 2019-11-12 | Фонд "Михаил Арнаудов" | 5.00 | 1970, бр. 6. Автограф: Дмитрий Благой | МА 5051 | 130000776703 | 2.56 | Списания |